000 00788nam a22002057a 4500
008 090202t xxu||||| |||| 00| 0 eng d
010 _aENG-92772
020 _c60.00
035 _aEN-76305
037 _bDBAD / PUB
040 _adpl
_bEnglish
082 _a540.78
100 _aIlayaraja, S.
245 _aPractical chemistry:
_cby S. Ilayaraja
_b(for B.Sc., chemistry students) /
260 _aMdurai
_bRadha Publication
_c2008
270 _a4/167, Mullai Street, Kurinji Nagar, Reserve Line Post,q
_bMadurai
_e625014
300 _a115p.
_c24cm (pbk)
942 _2ddc
_cEN
_mILA
_h540.78
999 _c22876
_d22876